Lectures on ergodic theory /

Guardado en:
Autor Principal: Halmos, Paul R. 1916-2006.
Formato: Libro
Idioma:English
Publicado: [Tokyo] : The Mathematical Society of Japan, 1956.
Series:Publications of the Mathematical Society of Japan ; 3
Etiquetas: Agregar Etiqueta
Sin Etiquetas, Sea el primero en etiquetar este registro!
LEADER 00769nam a22001815a 4500
001 MAT.inmabb001064
008 031120s1956####ja############000#0#eng#d
005 20160322174823.0
245 1 0 |a Lectures on ergodic theory /  |c by P.R. Halmos. 
260 |a [Tokyo] :  |b The Mathematical Society of Japan,  |c 1956. 
300 |a vii, 99 p. ;  |c 21 cm. 
440 0 |a Publications of the Mathematical Society of Japan ;  |v 3 
500 |a "... the notes on which [the author based his] lectures in a course on ergodic theory at the University of Chicago in the Summer Quarter of 1955." 
510 4 |a MR,  |c 20 #3958 
100 1 |a Halmos, Paul R.  |q (Paul Richard),  |d 1916-2006. 
084 |a 28Dxx  |2 msc2000 
859 |h 28  |i H194e  |p A-994  |b BIB. MATEMATICA 
859 |h 28  |i H194e  |p A-1768  |t Ej. 2  |b BIB. MATEMATICA